Statistics for Provinces of The Netherlands

Click here to take the quiz!

General Stats

  • This quiz has been taken 33 times
  • The average score is 9 of 12

Answer Stats

CapitalAnswer% Correct
MiddelburgZeeland
90%
MaastrichtLimburg
83%
LelystadFlevoland
80%
LeeuwardenFriesland
80%
GroningenGroningen
80%
HaarlemNorth Holland
80%
The HagueSouth Holland
80%
UtrechtUtrecht
77%
ZwolleOverijssel
70%
AssenDrenthe
67%
ArnhemGelderland
67%
s-HertogenboschNorth Brabant
60%

Score Distribution

Percentile by Number Answered

Percent of People with Each Score

Your Score History

You have not taken this quiz